00906nam a2200229 i 4500001000700000003000900007005001700016008004100033080004800074100003600122245005700158260003000215300002200245490001600267597006400283598007200347600005400419830002400473852003800497999001900535952012200554184092ES-MaACL20230906222043.0150313s1943 sp |||| |bspa d a929 González, Fernán, Conde de Castilla1 aPérez de Urbel, Justo.99081210aFernán González / cFray Justo Pérez de Urbel. aMadrid : bAtlas, c1943. a158 p. ; c20 cm.1 aVidas ; v3 aCon sello de: Biblioteca D.P. Educación Nacional, Madrid. aColección de biografías... bajo la dir. de Joaquín Arrarás.17aGonzález, Fernán cConde de Castilla.91565580 aVidas ; v39192031 aES-MaACLjE-15489 z. - enc. hol. c184092d184092 00104070aATENEOMbATENEOMcDEPO2d2015-03-13eSCl0oE-15489p1193604r2023-02-23 00:00:00w2023-02-23yMONOGRAFIA